Công tác tư tưởng và giảng dạy lý luận trong trường đại học và cao đẳng hiện nay

Gespeichert in:
Bibliographische Detailangaben
1. Verfasser: Phạm Văn Năng
Format: Buch
Sprache:Undetermined
Veröffentlicht: Tp. HCM Tp. HCM 2002
Schlagworte:
Tags: Tag hinzufügen
Keine Tags, Fügen Sie den ersten Tag hinzu!
Thư viện lưu trữ: Trung tâm Học liệu Trường Đại học Cần Thơ
LEADER 00631nam a2200205Ia 4500
001 CTU_54530
008 210402s9999 xx 000 0 und d
020 |b 40000 
082 |a 324.2597075 
082 |b N116 
100 |a Phạm Văn Năng 
245 0 |a Công tác tư tưởng và giảng dạy lý luận trong trường đại học và cao đẳng hiện nay 
245 0 |c Phạm Văn Năng 
260 |a Tp. HCM 
260 |b Tp. HCM 
260 |c 2002 
650 |a youth,communism in education 
650 |x education 
904 |i MInh 
980 |a Trung tâm Học liệu Trường Đại học Cần Thơ